Places To Study

There are group study rooms, individual study carrels, computer labs, and other spaces to study in the Libraries.

Reserve A Group Room

Online Resources

Access thousands of eBooks, audiobooks, and online journals from the comfort of your home.

Explore Resources

Events and Workshops

Join our upcoming events and workshops to enhance your skills and knowledge.

View Events

Developing English Speaking / (Record no. 2653)

MARC details
000 -LEADER
fixed length control field 00774nam a22001937a 4500
003 - CONTROL NUMBER IDENTIFIER
control field OSt
005 - DATE AND TIME OF LATEST TRANSACTION
control field 20251202145126.0
008 - FIXED-LENGTH DATA ELEMENTS--GENERAL INFORMATION
fixed length control field 251202b |||||||| |||| 00| 0 eng d
040 ## - CATALOGING SOURCE
Transcribing agency DCL
041 ## - LANGUAGE CODE
Language code of text/sound track or separate title Myanmar
082 ## - DEWEY DECIMAL CLASSIFICATION NUMBER
Classification number ၄၂၈
100 ## - MAIN ENTRY--PERSONAL NAME
Personal name စိုးမြင့်၊
Titles and words associated with a name ဦး။
245 10 - TITLE STATEMENT
Title Developing English Speaking /
Statement of responsibility, etc. ဦးစိုးမြင့်။
260 ## - PUBLICATION, DISTRIBUTION, ETC.
Place of publication, distribution, etc. ရန်ကုန် ၊
Name of publisher, distributor, etc. တက်လမ်းစာပေ၊
Date of publication, distribution, etc. ၁၉၉၇။
300 ## - PHYSICAL DESCRIPTION
Extent ၁၄၇ စာမျက်နှာ ၊
Dimensions ၂၁ စင်တီ။
650 ## - SUBJECT ADDED ENTRY--TOPICAL TERM
Topical term or geographic name entry element အင်္ဂလိပ်စကားပြော
650 ## - SUBJECT ADDED ENTRY--TOPICAL TERM
Topical term or geographic name entry element အင်္ဂလိပ်စာအသုံးအနှုန်း
942 ## - ADDED ENTRY ELEMENTS (KOHA)
Source of classification or shelving scheme Dewey Decimal Classification
Koha item type Short Term
Suppress in OPAC No
Holdings
Withdrawn status Lost status Source of classification or shelving scheme Damaged status Not for loan Collection Accession No. Home library Current library Shelving location Date acquired Total checkouts Full call number Barcode Date last seen Price effective from Koha item type
    Dewey Decimal Classification     Myanmar Collection ၃၂၃၄ (၂) Dhammadhara Dhammadhara Myanmar Shelves 02/12/2025   ၄၂၈ စိုး ၃၂၃၄ (၂) MB00003234 02/12/2025 02/12/2025 Short Term
    Dewey Decimal Classification     Myanmar Collection ၃၂၃၈ (၁) Dhammadhara Dhammadhara Myanmar Shelves 02/12/2025   ၄၂၈ စိုး ၃၂၃၈ (၁) MB00003238 02/12/2025 02/12/2025 Short Term
    Dewey Decimal Classification     Myanmar Collection ၃၂၂၉ (၃) Dhammadhara Dhammadhara Myanmar Shelves 02/12/2025   ၄၂၈ စိုး ၃၂၂၉ (၃) MB00003229 02/12/2025 02/12/2025 Short Term
    Dewey Decimal Classification     Myanmar Collection ၃၂၃၀ (၄) Dhammadhara Dhammadhara Myanmar Shelves 02/12/2025   ၄၂၈ စိုး ၃၂၃၀ (၄) MB00003230 02/12/2025 02/12/2025 Short Term
    Dewey Decimal Classification     Myanmar Collection ၃၂၃၃ (၅) Dhammadhara Dhammadhara Myanmar Shelves 02/12/2025   ၄၂၈ စိုး ၃၂၃၃ (၅) MB00003233 02/12/2025 02/12/2025 Short Term